| 000 | 01093nam a2200253 a 4500 | ||
|---|---|---|---|
| 005 | 20150923110924.0 | ||
| 008 | 140225b1993 -Us||||| |||| 00| 0 eng d | ||
| 040 |
_aDLC _cDLC |
||
| 041 | _aeng | ||
| 082 | 0 | 4 |
_a582.1 _bG33a |
| 100 |
_aGentry, Alwyn H. _93673 |
||
| 245 | _aField guide to the families and Genera of woody plants of Northwest South American (Colombia, Ecuador, Peru) with supplementary notes on herbaceous taxa | ||
| 260 |
_aWashington _bConservation International _c1996 |
||
| 300 |
_a895 p. _c24 cm |
||
| 500 | _aOriginally published: Washington, DC : Conservation International, 1993 (Conservation biology series ; contribution no. 1). | ||
| 504 | _aPublished in association with Conservation International. | ||
| 505 | _aIncludes indexes | ||
| 650 |
_aWoody plants _vColombia _xidentificacion _939556 |
||
| 650 |
_aWoody plants _vEcuador _xIdentification _939557 |
||
| 650 |
_aWoody plants _vPeru _xIdentificacion _939558 |
||
| 710 |
_aConservation International. _912638 |
||
| 856 | _uhttp://www.loc.gov/catdir/description/uchi051/95044911.html | ||
| 942 |
_cLIBRO _02 _2ddc |
||
| 999 |
_c1076 _d1076 |
||